000 00615nam a2200229 a 4500
001 BRCA_6514
005 20190320205503.0
008 270911s1911----gw-#######---#000-0#ger-#
041 _ager
044 _agw
050 4 _aBF1793
_b.K45 1911
100 1 _aKemmerich, Max
_d1876-
_916267
245 1 0 _aProphezeiungen, alter Aberglaube oder neue Wahrheit?
_cvon Max Kemmerich.
260 _aMúnich
_bA. Langen
_cc1911
300 _a435 p.
_c18 cm.
500 _aIncluye índice alfabético
500 _aL51
650 1 4 _aProfecías
_916268
650 1 4 _aSuperstición
_916269
902 _aGFM
942 _2lcc
_cB
999 _c6198
_d6198